Представление документа в формате MARC21

ПолеНазваниеЗначение
  Тип записи a
  Библиографический уровень m
001 Контрольный номер RU\infra-m\znanium\bibl\2236506
005 Дата корректировки 20260429142123.3
008 Кодируемые данные 260408s2025 RU g rus u
020 Индекс ISBN __
a ISBN 978-5-9614-9096-1
040 Источник каталогиз. __
a Служба первич. каталог. Общество с ограниченной ответственностью «ЗНАНИУМ»
041 Код языка издания __
a Код языка текста rus
044 Код страны публикации __
a Код страны публикации RU
080 Индекс УДК __
a Индекс УДК 59
084 Индекс другой классификации/Индекс ББК __
2 Источник индекса rubbk
a Индекс другой классификации/Индекс ББК 286
084 Индекс другой классификации/Индекс ББК __
2 Источник индекса okso
a Индекс другой классификации/Индекс ББК 06.03.01
084 Индекс другой классификации/Индекс ББК __
2 Источник индекса okso
a Индекс другой классификации/Индекс ББК 36.05.01
100 Автор __
a Автор Рауш С.
q Полное имя Рауш Саша
245 Заглавие __
a Заглавие Секреты собак. Как понять собаку и стать ей другом
b Продолж. заглавия Практическое пособие
250 Сведения об издании __
a Основные сведения об издании 1
260 Выходные данные __
a Место издания Москва
b Издательство ООО "Альпина Паблишер"
c Дата издания 2026
300 Физическое описание __
a Объем 60 с.
520 Аннотация __
a Аннотация Всем известно: собака — друг человека. Эти умные животные издревле верно служат людям а о преданности собак ходят легенды. Но как человек может стать не просто хозяином а лучшим другом для собственного питомца? В своей новой книге зоопсихолог Саша Рауш расскажет всё самое важное что следует знать хозяевам собак и тем кто только мечтает завести щенка. От кого произошли собаки и как предки влияют на их поведение сегодня что нужно учитывать для безопасных и интересных прогулок почему собаки могут вести себя «плохо» и как этого избегать как воспитывать свою собаку с точки зрения современной кинологии а не устаревших и порой жестоких методов? Вы узнаете физические и психологические особенности собак а ещё научитесь хорошо разбираться в породах — благодаря специальному гиду. Эта книга не только содержит множество интересных фактов о собаках но и даёт понимание того что собака — не игрушка к её содержанию нужно подходить серьёзно и со всей ответственностью. Только так можно стать для своего питомца не просто хозяином а настоящим другом.
521 Примеч. о цел. назн. __
a Примеч. о целев. назн. Дополнительное образование
650 Тематические рубрики __
a Основная рубрика Биологические науки
x Основная подрубрика Зоология
655 Указ. предметных рубрик (устаревшее) __
a Жанр/ форма (устаревшее) Практическое пособие
700 Другие авторы __
a Другие авторы Полевая П.
q Полное имя Полевая Полина
856 Электронный адрес документа 4_
a Имя сервера/домена znanium.ru
m Помощь ebs_support@infra-m.ru
n Местонахождение сервера НИЦ ИНФРА-М
u URL https://znanium.ru/catalog/document?id=474443
856 Электронный адрес документа 48
a Имя сервера/домена znanium.ru
d Путь /cover/2236
f Электронное имя 2236506.jpg
q Тип электронного формата image/jpeg
u URL https://znanium.ru/cover/2236/2236506.jpg
911 __
u 0030=https://znanium.ru/catalog/document?id=474443